Cicéron epistolae ad familiares (Record no. 166294)
[ view plain ]
| 000 -LEADER | |
|---|---|
| campo de control de longitud fija | 00984nam a22002175i 4500 |
| 001 - NÚMERO DE CONTROL | |
| campo de control | 166294 |
| 003 - IDENTIFICADOR DE NÚMERO DE CONTROL | |
| campo de control | ES-MaACL |
| 005 - FECHA Y HORA DE LA ÚLTIMA TRANSACCIÓN | |
| campo de control | 20250726075518.0 |
| 008 - DATOS DE LONGITUD FIJA--INFORMACIÓN GENERAL | |
| campo de control de longitud fija | 990423s1874 fr |||| | fre d |
| 040 ## - FUENTE DE CATALOGACIÓN | |
| Centro catalogador/agencia de origen | CCPB | B |
| Lengua de catalogación | spa |
| Centro/agencia transcriptor | CCPB | B |
| 080 ## - NÚMERO DE LA CLASIFICACIÓN DECIMAL UNIVERSAL | |
| Número de la Clasificación Decimal Universal | 821.124 Cicerón, Marco Tulio 7 Epistolae ad familiares.07 |
| 100 1# - ENTRADA PRINCIPAL--NOMBRE DE PERSONA | |
| Nombre de persona | Thurot, Charles. |
| 9 (RLIN) | 133243 |
| 245 10 - MENCIÓN DEL TÍTULO | |
| Título | Cicéron epistolae ad familiares |
| Resto del título | : notice sur un manuscrit du XII siécle / |
| Mención de responsabilidad, etc. | par Charles Thurot. |
| 260 ## - PUBLICACIÓN, DISTRIBUCIÓN, ETC. | |
| Lugar de publicación, distribución, etc. | Paris : |
| Nombre del editor, distribuidor, etc. | Librairie A. Franck, |
| Fecha de publicación, distribución, etc. | 1874 ( |
| Fabricante | Nogent-le-Rotrou, imprimerie de A. Gouverneur) |
| 300 ## - DESCRIPCIÓN FÍSICA | |
| Extensión | 49 p. ; |
| Dimensiones | 24 cm. |
| 490 1# - MENCIÓN DE SERIE | |
| Mención de serie | Bibliothéque de l'école des hautes études. Sciences philologiques et historiques ; |
| Designación de volumen o secuencia | fasc. 17 |
| 600 14 - PUNTO DE ACCESO ADICIONAL DE MATERIA--NOMBRE DE PERSONA | |
| Nombre de persona | Cicerón, Marco Tulio. |
| Título de la obra | Epistolae ad familiares. |
| 9 (RLIN) | 146106 |
| 830 00 - PUNTO DE ACCESO ADICIONAL DE SERIE-TÍTULO UNIFORME | |
| Título uniforme | Bibliothèque de l'École des Hautes Études. Sciences historiques et philologiques |
| Designación de volumen o secuencia | fasc. 17 |
| 9 (RLIN) | 229685 |
| 852 ## - LOCALIZACIÓN | |
| Ubicación | ES-MaACL |
| Número de control de estantería | C-7561 |
| Nota libre | -- Enc. hol. |
| Estatus retirado | Estado de pérdida | Estado de daño | No para préstamo | Colección | Biblioteca de origen | Biblioteca actual | Ubicación en estantería | Fecha de adquisición | Total de préstamos | Signatura topográfica completa | Código de barras | Visto por última vez | Precio de reemplazo | Tipo de ítem Koha |
|---|---|---|---|---|---|---|---|---|---|---|---|---|---|---|
| Libros del s. XIX | Biblioteca del Ateneo de Madrid | Biblioteca del Ateneo de Madrid | Sala Palomar | 17/01/2008 | C-7561 | 1174395 | 23/02/2023 | 23/02/2023 | Libro impreso antiguo |
